00430nam a2200133Ia 4500020001800000082002300018100001700041245007600058260003900134300001000173650003600183650004200219650003500261 a81-7036-578-3 a307.72095414 LIE-D aLieten, G.K; 0aDevelopment, devolution and democracy: village discourse in West Bengal aNew DelhibSage Publicationsc1996 a252p. aRural development - West Bengal aWest Bengal - Politics and government aWest Bengal - Rural conditions